Eurovision 2014 Grand Final Scoreboard - Statistics

General Stats
  • This quiz has been taken 123 times
  • The average score is 21 of 26
Answer Stats
Place Country Points % Correct
1st Austria 290
99%
2nd Netherlands 238
96%
3rd Sweden 218
95%
26th France 2
91%
6th Ukraine 113
91%
10th Spain 74
88%
18th Germany 39
86%
17th United Kingdom 40
86%
21st Italy 33
85%
7th Russia 89
85%
4th Armenia 174
84%
9th Denmark 74
84%
5th Hungary 143
84%
8th Norway 88
79%
24th San Marino 14
78%
25th Slovenia 9
78%
11th Finland 72
76%
20th Greece 35
75%
14th Poland 62
75%
12th Romania 72
74%
15th Iceland 58
71%
16th Belarus 43
69%
19th Montenegro 37
69%
13th Switzerland 64
69%
22nd Azerbaijan 33
65%
23rd Malta 32
60%
No matching quizzes found
Score Distribution
Percent of People with Each Score
Percentile by Number Answered
Your Score History
You have not taken this quiz